| 000 | 00732nam a2200205 a 4500 | ||
|---|---|---|---|
| 001 | 000016521 | ||
| 005 | 20200929164926.0 | ||
| 008 | 100308s1988 dr a 000 0 spa d | ||
| 040 |
_aDO-SdBNP _bspa _cBNPHU |
||
| 082 |
_axxx _bG216i |
||
| 100 | 1 |
_aGacía, E. _936756 |
|
| 245 | 1 | 0 |
_aInforme del mapa geológico de la República Dominica : _bsan juan (5972) / _cE. García, F. Harms. |
| 260 |
_aSanto Domingo : _bSecretaría de Estado de Industria y Comercio : _bDirección General de Minería, _c1988. |
||
| 300 |
_a97 p. : _bil. ; _c23 cm. |
||
| 500 | _aIncluye anexo | ||
| 500 | _aIncluye notas al pie de las páginas | ||
| 504 | _aIncluye referencias bibliográficas ( p. 91-97) | ||
| 700 | 1 |
_aHarms, E. _936757 |
|
| 049 | _aBNPD | ||
| 999 |
_c16055 _d16055 |
||